| 000 | 00548cam a2200181 4500 | ||
|---|---|---|---|
| 999 |
_c85452 _d85452 |
||
| 005 | 20180201131618.0 | ||
| 008 | 040824s2001 mx a 000 0 spa u | ||
| 050 |
_aRJ245 _bH47 2001 |
||
| 100 | 1 | _aHerrera Vargas, Fernando | |
| 245 | 1 | 0 |
_aEnseñanza en pediatría / _cFernando Herrera Vargas, Socorro Suárez A. |
| 250 | _a1a ed. | ||
| 260 |
_aMéxico : _bCuellar, _c2001 |
||
| 300 |
_a424 p. : _bil. ; _c20 cm. |
||
| 504 | _aIncluye bibliografía e índice | ||
| 506 | _aBib. Med. ISO 2018 | ||
| 650 | 4 | _aPediatría | |
| 700 | 1 |
_aSuárez A., Socorro, _ecoaut. |
|
| 942 |
_2lcc _cLIB |
||